| Registos Bibliográficos associados ao registo de autoridade |
|
Etiqueta de registo: 00000nkm 2200025 450 001 2282365 003 http://id.bnportugal.gov.pt/bib/catbnp/2282365 100 ## $a20260320d1983 m y0pory01030103ba 101 0# $apor 102 ## $aPT 200 1# $aPortugal Open, Lisboa, 4-10 abril '83, Lights Cup '83, Torneio Internacional de Ténis
Super Grand-Prix$bVisual gráfico]$fFederação Portuguesa de Ténis 210 #9 $aLisboa$cFederação Portuguesa de Ténis,$d1983$e[S.l.] :$gU. Gráfica S.A.R.L.) 215 ## $a1 cartaz$ccolor.$d68x98 cm 317 ## $aColeção Madeira Luís 710 02 $aPortugal Open,$eLisboa,$f1983$31992901 712 02 $aFederação Portuguesa de Ténis$37263 801 #0 $aPT$bBN$gRPC 966 ## $lBN$mICONOG$sCT. 8060 R.$x3 971 ## $cCaticonografia8$d20260320 995 ## $aPRR2026
|
|
|